000 01154nam a22002297a 4500
003 0
005 20251107140334.0
008 251107b xxu||||| |||| 00| 0 eng d
020 _a978-0-06-115428-7
050 _aPQ 9698.13.O352
_b.C672 D48 2001
100 _aCoelho, Paulo,
_eauthor.
245 _aThe devil and Miss Prym :
_bnovel of temptation /
_cPaulo Coelho ; translated by Amanda Hopkinson and Nick Caistor.
260 _aNew York :
_bHarperCollins,
_c2001.
300 _a201 pages ;
_c18 cm.
500 _aOriginally published in Portuguese. Translated by Amanda Hopkinson and Nick Caistor. Includes a reading group guide.
520 _aA stranger arrives in a quiet mountain village with a dangerous proposition: he offers the town a chance to choose between good and evil in exchange for a fortune in gold. A young woman becomes the center of the struggle, forcing her and the whole community to confront their deepest fears, desires, and moral choices.
650 _aTemptation
_vFiction.
650 _aGood and evil
_vFiction.
700 _aHopkinson, Amanda,
_etranslator.
700 _aCaistor, Nick,
_etranslator.
942 _2lcc
_cBK
999 _c368497
_d368497